| 000 | 01111nam a2200241 i 4500 | ||
|---|---|---|---|
| 001 | 43512 | ||
| 003 | ES-MaACL | ||
| 005 | 20250904063046.0 | ||
| 007 | t| | ||
| 008 | 030318s1871 sp |||| |dspa d | ||
| 080 | _a821.134.2-94"18" | ||
| 100 | 1 |
_aCastro y Serrano, José de, _d1828-1896 _936980 |
|
| 245 | 1 | 0 |
_aCuadros contemporáneos / _cpor Don José de Castro y Serrano. |
| 260 |
_aMadrid : _b[s.n.], _c1871 ( _fImp. de T. Fortanet) |
||
| 300 |
_a411 p. ; _c22 cm. |
||
| 505 | 8 | _aContiene: El libro ; Las exposiciones universales ; El baile ; Letras y artes: El Refugio de las Letras [sobre el Ateneo de la calle de la Montera]; El Panteón de las Artes ; Historias vulgares | |
| 530 | _aDisponible en formato digital. | ||
| 596 | _aPubl. por la empresa de La Moda elegante ilustrada y La Ilustración española y americana. | ||
| 610 | 2 | 4 |
_aAteneo de Madrid- _vHistoria- _vRelatos personales _91926 |
| 852 | 4 |
_aES-MaACL _jB-12477 _z- Dedicatoria autógrafa del autor |
|
| 856 | 4 |
_uhttps://archive.org/details/cuadroscontempor00cast/page/n8 _zInternet Archive |
|
| 999 |
_c43512 _d43512 |
||